Štúdium komplexov Cu (II) s kyselinou antranilovou

Na minha lista:
Detalhes bibliográficos
Autor principal: Vyjidáková, Adriana (Author)
Formato: Manuscrito Livro
Idioma:eslovaco
Publicado em: Bratislava : STU v Bratislave ChtF, 2001
Edição:Dát.obháj.: 4.6.2001
Tags: Adicionar Tag
Sem tags, seja o primeiro a adicionar uma tag!

MARC

LEADER 00000ntm a22000003a 4500
001 stu58151
005 20150617225654.7
008 010612s2001----xo------------------slo-d
040 |a STU  |b slo 
041 0 |a slo 
044 |a xo 
100 1 |a Vyjidáková, Adriana  |4 aut 
245 1 |a Štúdium komplexov Cu (II) s kyselinou antranilovou 
250 |a Dát.obháj.: 4.6.2001 
260 |a Bratislava :  |b STU v Bratislave ChtF,  |c 2001 
300 |a 55 s. Tab.,lit 
500 |a Zameranie: Anorganická technológia 
996 |b 284C019419  |c C*D13253  |l CCI  |s A  |a 24  |w stu58151_0001